| 000 | 00793nam a2200217 i 4500 | ||
|---|---|---|---|
| 001 | 138550 | ||
| 003 | ES-MaACL | ||
| 005 | 20250830062952.0 | ||
| 007 | t| | ||
| 008 | 070214s1964 sp |||| | spa d | ||
| 100 | 1 |
_aSanson, Henri, _d1917- _9167496 |
|
| 245 | 1 | 0 |
_aEspiritualidad de la vida activa / _cHenri Sanson ; [versión castellana de Julio Gómez de la Serna]. |
| 260 |
_aBarcelona : _bHerder, _c1964. |
||
| 300 |
_a356 p. ; _c22 cm. |
||
| 490 | 1 |
_aBiblioteca Herder. Sección de teología y filosofía ; _v56 |
|
| 650 | 7 |
_aVida espiritual- _xCristianismo _2 _9158575 |
|
| 700 | 1 |
_aGómez de la Serna, Julio, _d1895-1983 _957899 |
|
| 830 | 0 | 0 |
_aBiblioteca Herder. _pSección de teología y filosofía _v56 _9182106 |
| 852 |
_aES-MaACL _jC-26408 |
||
| 999 |
_c138550 _d138550 |
||